Normal view
MARC view
- Arshad Ali
Entry Personal Name
001 - CONTROL NUMBER
- control field: 47625
003 - CONTROL NUMBER IDENTIFIER
- control field: NUST
005 - DATE AND TIME OF LATEST TRANSACTION
- control field: 20210314133851.0
008 - FIXED-LENGTH DATA ELEMENTS
- fixed length control field: 210314|| aca||aabn | a|a d
040 ## - CATALOGING SOURCE
- Original cataloging agency: NUST
- Transcribing agency: NUST
100 ## - HEADING--PERSONAL NAME
- Personal name: Arshad Ali
670 ## - SOURCE DATA FOUND
- Source citation: Work cat.: (NUST): Arshad Ali, Safety evaluation of building construction projects of military engineer services (MES), 2014
